Algunas diferencias y similitudes entre la Norma Unificada Argentina de Contabilidad (NUA) y las Normas Internacionales de Información Financiera (NIIF). (Registro nro. 10681)
[ vista simple ]
| 000 -LEADER | |
|---|---|
| fixed length control field | 00451 a2200109 4500 |
| 001 - CONTROL NUMBER | |
| control field | ART_62025 |
| 005 - DATE AND TIME OF LATEST TRANSACTION | |
| control field | 20260410161611.0 |
| 008 - FIXED-LENGTH DATA ELEMENTS--GENERAL INFORMATION | |
| fixed length control field | 260409a |
| 100 1# - MAIN ENTRY--PERSONAL NAME | |
| Personal name | Zgaib, Alfredo O. |
| 245 10 - TITLE STATEMENT | |
| Title | Algunas diferencias y similitudes entre la Norma Unificada Argentina de Contabilidad (NUA) y las Normas Internacionales de Información Financiera (NIIF). |
| 773 0# - HOST ITEM ENTRY | |
| Title | Profesional & Empresaria |
| Related parts | - Año XXVI, Nº 300 (nov./dic. 2024) |
| Record control number | REV70 |
No hay ítems disponibles.